00601pam a2200217 a 4500001000800000005001700008008004100025010001700066020002500083040001800108041000800126080001800134082002200152100000700174101000800181245006900189504005100258906004500309942001200354999001700366377016220180222065014.0830613s1984 nyu b 001 0 eng  a 83045260  a0465017894 :c$16.95 aDLCcDLCdDLC aeng a330.019 mai00a330.019 mai2191 a52 aeco10aEconomic games people play /cShlomo Maital & Sharone L. Maital. aIncludes bibliographical references and index. a7bcbccorignewd1eocipf19gy-gencatlg 2ddccBK c43171d43171